[Event "Larnaca OFIS op 2nd"]
[Site "Larnaca"]
[Date "2021.10.30"]
[Round "9"]
[White "Yildirim, Kemal"]
[Black "Tsarouhas, Konstantinos"]
[Result "0-1"]
[WhiteElo "1735"]
[BlackElo "2133"]
[PlyCount "54"]
[EventDate "2021.10.22"]
[EventType "swiss"]
[EventRounds "9"]
[EventCountry "CYP"]
[SourceTitle "CBM 204 Extra"]
[Source "ChessBase"]
[SourceDate "2021.11.30"]
[SourceVersion "1"]
[SourceVersionDate "2021.11.30"]
[SourceQuality "1"]

1. e4 c5 2. Nf3 e6 3. d4 cxd4 4. Nxd4 d6 5. Nc3 a6 6. g4 Qc7 7. Be3 b5 8. Bg2 Bb7 9. Qe2 Nd7 10. 0-0 Ne5 11. a4 b4 12. Na2 Nf6 13. f3 h6 14. c3 d5 15. cxb4 dxe4 16. Rac1 Qd7 17. Rfd1 Bd6 18. Nc3 0-0 19. g5 hxg5 20. Bxg5 Nd3 21. Rc2 Be5 22. Nb3 Rfd8 23. fxe4 Bxc3 24. Rxc3 Nf4 25. Bxf4 Qxd1+ 26. Qxd1 Rd6 27. Qd2 Rxd2 0-1

[Event "EU-Cup 34th"]
[Site "Porto Carras"]
[Date "2018.10.18"]
[Round "7.3"]
[White "Zymberi, Astrit"]
[Black "Tsarouhas, Konstantinos"]
[Result "0-1"]
[WhiteElo "2115"]
[BlackElo "2154"]
[PlyCount "92"]
[EventDate "2018.10.12"]
[EventType "team-swiss"]
[EventRounds "7"]
[EventCountry "GRE"]
[SourceTitle "CBM 187"]
[Source "ChessBase"]
[SourceDate "2018.12.11"]
[SourceVersion "1"]
[SourceVersionDate "2018.12.11"]
[SourceQuality "1"]
[WhiteTeam "Drejtesia"]
[BlackTeam "Chania Chess Academy"]
[WhiteTeamCountry "KOS"]
[BlackTeamCountry "GRE"]

1. d4 Nf6 2. c4 g6 3. f3 c5 4. d5 Bg7 5. e4 d6 6. Ne2 0-0 7. Nec3 e6 8. Be2 exd5 9. cxd5 Nh5 10. Be3 f5 11. f4 fxe4 12. Bxh5 gxh5 13. Qxh5 Nd7 14. h3 Nb6 15. Nd2 Rf5 16. Qe2 Qh4+ 17. Bf2 Qxf4 18. 0-0 Be5 19. g3 Qh6 20. h4 Rxf2 21. Kxf2 e3+ 22. Kg2 exd2 23. Ne4 Qg6 24. Ng5 h6 25. Qf3 Bd7 26. Nf7 Bg4 27. Qxg4 Qxg4 28. Nxh6+ Kg7 29. Nxg4 Bxb2 30. Rab1 Bd4 31. Rfd1 Bc3 32. Ne3 Re8 33. Kf3 Kg6 34. g4 c4 35. Nc2 Re7 36. Rb5 Re1 37. Ne3 Bd4 38. Rxd2 Rxe3+ 39. Kf4 Rd3 40. Rxd3 cxd3 41. Ke4 d2 42. Rb1 Bf2 43. Kd3 Be1 44. h5+ Kg5 45. Ke2 Nxd5 46. Rb3 Nc3+ 0-1

[Event "EU-Cup 34th"]
[Site "Porto Carras"]
[Date "2018.10.17"]
[Round "6.3"]
[White "Tsarouhas, Konstantinos"]
[Black "Sylvan, Jacob"]
[Result "0-1"]
[WhiteElo "2154"]
[BlackElo "2336"]
[PlyCount "82"]
[EventDate "2018.10.12"]
[EventType "team-swiss"]
[EventRounds "7"]
[EventCountry "GRE"]
[SourceTitle "CBM 187"]
[Source "ChessBase"]
[SourceDate "2018.12.11"]
[SourceVersion "1"]
[SourceVersionDate "2018.12.11"]
[SourceQuality "1"]
[WhiteTeam "Chania Chess Academy"]
[BlackTeam "Nordkalotten"]
[WhiteTeamCountry "GRE"]
[BlackTeamCountry "DEN"]

1. c4 e5 2. Nc3 Nf6 3. Nf3 Nc6 4. g3 d5 5. cxd5 Nxd5 6. Bg2 Nb6 7. Rb1 f6 8. d4 exd4 9. Nb5 Bf5 10. Bf4 Nd5 11. Nfxd4 Nxf4 12. Bxc6+ bxc6 13. Nxf5 cxb5 14. gxf4 Bb4+ 15. Kf1 Qxd1+ 16. Rxd1 g6 17. Nd4 0-0-0 18. Kg2 a6 19. Nc6 Rxd1 20. Rxd1 Bd6 21. Kf3 f5 22. a4 bxa4 23. Rd4 a3 24. bxa3 Bxa3 25. Ra4 Bd6 26. Na5 Kd7 27. Nc4 Ra8 28. Nxd6 Kxd6 29. Ke3 Kc5 30. Kd3 a5 31. Kc3 Kb5 32. Ra2 a4 33. e3 a3 34. f3 c5 35. e4 fxe4 36. fxe4 Ra4 37. e5 Rxf4 38. Re2 Ra4 39. Kb3 a2 40. Rxa2 Rxa2 41. Kxa2 Kc6 0-1

[Event "EU-Cup 34th"]
[Site "Porto Carras"]
[Date "2018.10.16"]
[Round "5.3"]
[White "Van Twillert, Laurents"]
[Black "Tsarouhas, Konstantinos"]
[Result "1-0"]
[WhiteElo "2117"]
[BlackElo "2154"]
[PlyCount "41"]
[EventDate "2018.10.12"]
[EventType "team-swiss"]
[EventRounds "7"]
[EventCountry "GRE"]
[SourceTitle "CBM 187"]
[Source "ChessBase"]
[SourceDate "2018.12.11"]
[SourceVersion "1"]
[SourceVersionDate "2018.12.11"]
[SourceQuality "1"]
[WhiteTeam "En Passant"]
[BlackTeam "Chania Chess Academy"]
[WhiteTeamCountry "NED"]
[BlackTeamCountry "GRE"]

1. e4 c5 2. Nf3 e6 3. Qe2 Nc6 4. g3 g5 5. h3 Bg7 6. d3 h6 7. c3 b5 8. Be3 d6 9. d4 cxd4 10. cxd4 Rb8 11. Bg2 d5 12. exd5 Qxd5 13. 0-0 Nge7 14. Nc3 Qc4 15. Qd2 0-0 16. Rfc1 Qb4 17. a3 Qb3 18. h4 g4 19. Nh2 h5 20. Ne4 f5 21. Nc5 1-0

[Event "EU-Cup 34th"]
[Site "Porto Carras"]
[Date "2018.10.15"]
[Round "4.3"]
[White "Tsarouhas, Konstantinos"]
[Black "Papadiamandis, Elliot"]
[Result "0-1"]
[WhiteElo "2154"]
[BlackElo "2149"]
[PlyCount "96"]
[EventDate "2018.10.12"]
[EventType "team-swiss"]
[EventRounds "7"]
[EventCountry "GRE"]
[SourceTitle "CBM 187"]
[Source "ChessBase"]
[SourceDate "2018.12.11"]
[SourceVersion "1"]
[SourceVersionDate "2018.12.11"]
[SourceQuality "1"]
[WhiteTeam "Chania Chess Academy"]
[BlackTeam "Bois Colombes"]
[WhiteTeamCountry "GRE"]
[BlackTeamCountry "FRA"]

1. c4 e5 2. Nc3 Nf6 3. Nf3 Nc6 4. g3 d5 5. cxd5 Nxd5 6. Bg2 Nb6 7. 0-0 Be7 8. d3 0-0 9. a3 Be6 10. Be3 Nd5 11. Nxd5 Bxd5 12. Rc1 Qd7 13. Bc5 Bxc5 14. Rxc5 Qd6 15. Rc1 Rad8 16. Re1 Rd7 17. Qa4 a6 18. Nd2 Bxg2 19. Kxg2 Qd5+ 20. Ne4 f5 21. Rc5 Qf7 22. Ng5 Qe7 23. Qh4 h6 24. Qc4+ Kh8 25. Nf3 Qf6 26. b4 Re7 27. Rf1 g5 28. Qc3 g4 29. Nh4 Nd4 30. e3 Nb5 31. Qb2 Nd6 32. Rxe5 Rg8 33. d4 Nc4 34. Rxf5 Qxh4 35. Qc3 Qh3+ 36. Kg1 Nd6 37. d5+ Reg7 38. Re5 Nf7 39. Rf5 Ng5 40. Rxg5 hxg5 41. f4 gxf3 42. Rxf3 Qh5 43. e4 Qg4 44. Rf6 Kh7 45. Qd3 Re8 46. e5+ Kg8 47. e6 b5 48. Kg2 Rf8 0-1

[Event "EU-Cup 34th"]
[Site "Porto Carras"]
[Date "2018.10.14"]
[Round "3.3"]
[White "Tsarouhas, Konstantinos"]
[Black "Heaven, Peter"]
[Result "1/2-1/2"]
[WhiteElo "2154"]
[BlackElo "2041"]
[PlyCount "78"]
[EventDate "2018.10.12"]
[EventType "team-swiss"]
[EventRounds "7"]
[EventCountry "GRE"]
[SourceTitle "CBM 187"]
[Source "ChessBase"]
[SourceDate "2018.12.11"]
[SourceVersion "1"]
[SourceVersionDate "2018.12.11"]
[SourceQuality "1"]
[WhiteTeam "Chania Chess Academy"]
[BlackTeam "White Knights"]
[WhiteTeamCountry "GRE"]
[BlackTeamCountry "WLS"]

1. c4 e5 2. Nc3 Nf6 3. e3 Be7 4. Nf3 d6 5. d4 exd4 6. Nxd4 0-0 7. Be2 d5 8. cxd5 Nxd5 9. Nxd5 Qxd5 10. 0-0 c5 11. Nb5 Qc6 12. a4 Be6 13. Qc2 Na6 14. Bd2 Nc7 15. Bf3 Qb6 16. Nxc7 Qxc7 17. Bc3 Rac8 18. Rfd1 Rfd8 19. Qe4 b6 20. Be5 Bd6 21. Rxd6 Rxd6 22. Qf4 Rcd8 23. Qg3 f5 24. h4 Qd7 25. Bxd6 Qxd6 26. Rd1 Qe7 27. Rxd8+ Qxd8 28. Qe5 Kf7 29. h5 h6 30. e4 Qf6 31. Qc7+ Qe7 32. Qf4 Qg5 33. Qc7+ Qe7 34. Qb8 Qd7 35. exf5 Bxf5 36. Qe5 Be6 37. Be4 Qd4 38. Bg6+ Ke7 39. Qc7+ Qd7 1/2-1/2

[Event "EU-Cup 34th"]
[Site "Porto Carras"]
[Date "2018.10.12"]
[Round "1.3"]
[White "Tsarouhas, Konstantinos"]
[Black "Ootes, Lars"]
[Result "0-1"]
[WhiteElo "2154"]
[BlackElo "2372"]
[PlyCount "48"]
[EventDate "2018.10.12"]
[EventType "team-swiss"]
[EventRounds "7"]
[EventCountry "GRE"]
[SourceTitle "CBM 187"]
[Source "ChessBase"]
[SourceDate "2018.12.11"]
[SourceVersion "1"]
[SourceVersionDate "2018.12.11"]
[SourceQuality "1"]
[WhiteTeam "Chania Chess Academy"]
[BlackTeam "BSG"]
[WhiteTeamCountry "GRE"]
[BlackTeamCountry "NED"]

1. c4 f5 2. Nc3 Nf6 3. g3 d6 4. Bg2 c6 5. e3 e5 6. Nge2 Be6 7. d3 Na6 8. b4 Nxb4 9. Rb1 d5 10. a3 dxc4 11. axb4 cxd3 12. Ng1 e4 13. f3 Qb6 14. Qa4 Bd6 15. fxe4 Be5 16. Nd5 Bxd5 17. exd5 Bc3+ 18. Kf1 d2 19. Bxd2 Bxd2 20. Qc2 Qxe3 21. dxc6 Ne4 22. Nh3 0-0-0 23. Qc4 Rhe8 24. Qf7 Qd3+ 0-1

[Event "EU-Cup 33rd"]
[Site "Antalya"]
[Date "2017.10.10"]
[Round "3.2"]
[White "Atakisi, Umut"]
[Black "Tsarouhas, Konstantinos"]
[Result "1-0"]
[WhiteElo "2361"]
[BlackElo "2126"]
[PlyCount "61"]
[EventDate "2017.10.08"]
[EventType "team-swiss"]
[EventRounds "7"]
[EventCountry "TUR"]
[SourceTitle "CBM 181"]
[Source "ChessBase"]
[SourceDate "2017.11.10"]
[SourceVersion "1"]
[SourceVersionDate "2017.11.10"]
[SourceQuality "1"]
[WhiteTeam "Besiktas Jimnastik"]
[BlackTeam "Chania Chess Academy"]
[WhiteTeamCountry "TUR"]
[BlackTeamCountry "GRE"]

1. e4 c5 2. Nf3 e6 3. Nc3 d6 4. d4 cxd4 5. Nxd4 Nf6 6. Be2 a6 7. 0-0 Be7 8. f4 Qc7 9. Kh1 0-0 10. Qe1 b5 11. Bf3 Bb7 12. e5 Ne8 13. Bd2 Nc6 14. Nxc6 Bxc6 15. a4 bxa4 16. Bxc6 Qxc6 17. Rxa4 Rb8 18. b3 dxe5 19. fxe5 Rb4 20. Nd5 exd5 21. Bxb4 Bxb4 22. Rxb4 Qxc2 23. e6 Nf6 24. exf7+ Kxf7 25. Rb7+ Kg8 26. Qe6+ Kh8 27. Qxd5 Qc8 28. Qd6 Re8 29. Qc7 Qg4 30. h3 Qg5 31. Rb8 1-0

[Event "GRE-chT 45th"]
[Site "Achaia"]
[Date "2017.07.06"]
[Round "5.2"]
[White "Malikentzos, Sotirios"]
[Black "Tsarouhas, Konstantinos"]
[Result "1-0"]
[WhiteElo "2440"]
[BlackElo "2129"]
[PlyCount "101"]
[EventDate "2017.07.03"]
[EventType "team-swiss"]
[EventRounds "7"]
[EventCountry "GRE"]
[SourceTitle "CBM 179 Extra"]
[Source "ChessBase"]
[SourceDate "2017.08.23"]
[SourceVersion "1"]
[SourceVersionDate "2017.08.23"]
[SourceQuality "1"]
[WhiteTeam "Thessaloniki HS"]
[BlackTeam "Chania ADA"]
[WhiteTeamCountry "GRE"]
[BlackTeamCountry "GRE"]

1. c4 Nf6 2. g3 g6 3. Bg2 Bg7 4. Nc3 d6 5. e4 c5 6. Nge2 Nc6 7. 0-0 0-0 8. d3 a6 9. h3 Rb8 10. a4 Ne8 11. Be3 Nc7 12. d4 cxd4 13. Nxd4 Nxd4 14. Bxd4 Bxd4 15. Qxd4 e5 16. Qa7 Be6 17. c5 Qe7 18. cxd6 Qxd6 19. Rfd1 Qb4 20. Nd5 Nxd5 21. exd5 Bd7 22. a5 Rbc8 23. d6 Ba4 24. Qxb7 Qxb7 25. Bxb7 Bxd1 26. Bxc8 Rxc8 27. Rxd1 Kf8 28. d7 Rd8 29. Rd6 Ke7 30. Rxa6 Rb8 31. Ra7 Rxb2 32. d8Q+ Kxd8 33. Rxf7 Ra2 34. Rxh7 Rxa5 35. Kg2 e4 36. Rg7 Ra6 37. Kf1 Ke8 38. Ke2 Kf8 39. Rd7 Ra3 40. h4 Rb3 41. Rd4 e3 42. f3 Kf7 43. Rd3 Rb5 44. Kxe3 Ra5 45. Rd4 Kf6 46. Kf4 Ra6 47. Kg4 Ra5 48. Rd6+ Kf7 49. f4 Rb5 50. Rd3 Kf6 51. Re3 1-0

[Event "EU-Cup 32nd"]
[Site "Novi Sad"]
[Date "2016.11.12"]
[Round "7.4"]
[White "Brunner, Nicolas"]
[Black "Tsarouhas, Konstantinos"]
[Result "1/2-1/2"]
[WhiteElo "2469"]
[BlackElo "2121"]
[PlyCount "105"]
[EventDate "2016.11.06"]
[EventType "team-swiss"]
[EventRounds "7"]
[EventCountry "SRB"]
[SourceTitle "CBM 176"]
[Source "ChessBase"]
[SourceDate "2017.01.17"]
[SourceVersion "1"]
[SourceVersionDate "2017.01.17"]
[SourceQuality "1"]
[WhiteTeam "Riehen"]
[BlackTeam "Chania Chess Academy"]
[WhiteTeamCountry "SUI"]
[BlackTeamCountry "GRE"]

1. d4 Nf6 2. c4 d6 3. Nf3 c5 4. dxc5 Qa5+ 5. Nc3 dxc5 6. g3 g6 7. Bg2 Ne4 8. Bd2 Nxd2 9. Qxd2 Bg7 10. Nb5 Qb6 11. 0-0 Be6 12. Qf4 Na6 13. Ng5 0-0 14. Nxe6 Qxe6 15. Bxb7 Rab8 16. Bd5 Qb6 17. a3 e6 18. Bf3 Bxb2 19. Ra2 Bg7 20. Rd1 Rbd8 21. Rad2 Rxd2 22. Rxd2 Nb8 23. Rd6 Qa5 24. Qd2 Qxd2 25. Rxd2 a6 26. Na7 Be5 27. Rd3 Kg7 28. Kg2 Kf6 29. Bb7 Bc7 30. Rf3+ Kg7 31. Rb3 Rd8 32. e3 g5 33. g4 h6 34. Be4 Kf6 35. Rb7 Be5 36. Nc6 Nxc6 37. Bxc6 Bc3 38. Kf3 a5 39. h3 Be5 40. Rb5 Rc8 41. Be4 Bc3 42. Rb7 Be5 43. Ra7 Bc3 44. Ke2 Rd8 45. Bc6 Rd2+ 46. Kf1 Rd1+ 47. Kg2 Rd8 48. Bb5 Bd2 49. Kg3 Be1 50. Bd7 Ke7 51. Bb5+ Kf6 52. Bd7 Ke7 53. Bb5+ 1/2-1/2

[Event "EU-Cup 32nd"]
[Site "Novi Sad"]
[Date "2016.11.11"]
[Round "6.4"]
[White "Tsarouhas, Konstantinos"]
[Black "Samsonov, Vyacheslav"]
[Result "0-1"]
[WhiteElo "2121"]
[BlackElo "2139"]
[PlyCount "108"]
[EventDate "2016.11.06"]
[EventType "team-swiss"]
[EventRounds "7"]
[EventCountry "SRB"]
[SourceTitle "CBM 176"]
[Source "ChessBase"]
[SourceDate "2017.01.17"]
[SourceVersion "1"]
[SourceVersionDate "2017.01.17"]
[SourceQuality "1"]
[WhiteTeam "Chania Chess Academy"]
[BlackTeam "Ezerelio Vaivorykste"]
[WhiteTeamCountry "GRE"]
[BlackTeamCountry "LTU"]

1. c4 e6 2. Nf3 d5 3. g3 b6 4. Bg2 Bb7 5. d4 Nf6 6. Ne5 Nbd7 7. Qa4 Bd6 8. Nc3 Bxe5 9. dxe5 Ne4 10. Nxe4 dxe4 11. Be3 Qe7 12. c5 Bd5 13. cxb6 axb6 14. Qc2 Qb4+ 15. Bd2 Qa4 16. Qxa4 Rxa4 17. Bc3 Ke7 18. b3 Ra7 19. 0-0 Rha8 20. a3 Ke8 21. Bb2 Nc5 22. b4 Na4 23. Bd4 c5 24. bxc5 bxc5 25. Be3 Rb7 26. Rab1 Rab8 27. Rxb7 Rxb7 28. Rc1 Rb5 29. f3 exf3 30. Bxf3 Kd7 31. Bf2 Kc6 32. e4 Bb3 33. Be2 Rb7 34. Bc4 Bxc4 35. Rxc4 Rb1+ 36. Kg2 Kb5 37. Rc2 c4 38. Bd4 Rd1 39. Be3 c3 40. Rf2 Re1 41. Bg5 h6 42. Be7 Rb1 43. Bf8 Rb2 44. Bxg7 h5 45. h4 Kc4 46. g4 hxg4 47. h5 Nc5 48. Kg1 Nxe4 49. Rxf7 Ng5 50. Rc7+ Kd3 51. Bh6 Nf3+ 52. Kf1 g3 53. Rd7+ Ke4 54. Rg7 Rf2# 0-1

[Event "EU-Cup 32nd"]
[Site "Novi Sad"]
[Date "2016.11.08"]
[Round "3.4"]
[White "Tsarouhas, Konstantinos"]
[Black "Mastalerz, Xavier"]
[Result "1-0"]
[WhiteElo "2121"]
[BlackElo "2231"]
[PlyCount "145"]
[EventDate "2016.11.06"]
[EventType "team-swiss"]
[EventRounds "7"]
[EventCountry "SRB"]
[SourceTitle "CBM 176"]
[Source "ChessBase"]
[SourceDate "2017.01.17"]
[SourceVersion "1"]
[SourceVersionDate "2017.01.17"]
[SourceQuality "1"]
[WhiteTeam "Chania Chess Academy"]
[BlackTeam "Fontaine"]
[WhiteTeamCountry "GRE"]
[BlackTeamCountry "BEL"]

1. c4 Nf6 2. Nc3 e6 3. e4 d5 4. e5 Ne4 5. Nf3 Nc6 6. Be2 Be7 7. d4 0-0 8. 0-0 f6 9. exf6 Bxf6 10. Be3 Nxc3 11. bxc3 Ne7 12. Bg5 Ng6 13. Qd2 Bxg5 14. Qxg5 Qxg5 15. Nxg5 Nf4 16. Rfe1 Nxe2+ 17. Rxe2 dxc4 18. Rae1 Rf5 19. h4 h6 20. Nxe6 Bxe6 21. Rxe6 Raf8 22. R1e2 c5 23. dxc5 Rxc5 24. R2e4 Rf7 25. Rd4 Rc8 26. a4 Rfc7 27. f3 Kf7 28. Re5 Kf6 29. Rdd5 Kf7 30. Kf2 Kg8 31. h5 Rc6 32. a5 b6 33. a6 Kh7 34. Re7 R8c7 35. Rxc7 Rxc7 36. Ke3 g6 37. g4 gxh5 38. gxh5 Kg7 39. Kd4 Kf6 40. f4 Ke6 41. Ke4 Rc6 42. f5+ Kf6 43. Kf4 b5 44. Rxb5 Rxa6 45. Rc5 Rb6 46. Rxc4 a5 47. Rc8 Ra6 48. Rg8 Kf7 49. Rg6 Ra8 50. Rxh6 a4 51. Rd6 a3 52. Rd1 a2 53. Ra1 Kf6 54. h6 Ra3 55. Kg4 Ra8 56. c4 Ra5 57. c5 Ra4+ 58. Kh5 Re4 59. h7 Kg7 60. h8Q+ Kxh8 61. Kg6 Kg8 62. c6 Re3 63. c7 Rg3+ 64. Kf6 Rc3 65. Rxa2 Rc6+ 66. Kg5 Rxc7 67. Kg6 Rg7+ 68. Kf6 Rf7+ 69. Ke6 Rb7 70. Ra8+ Kg7 71. f6+ Kh7 72. f7 Rb6+ 73. Kd5 1-0

[Event "GRE-chT 43rd"]
[Site "Porto Rio"]
[Date "2015.10.10"]
[Round "4.1"]
[White "Tsarouhas, Konstantinos"]
[Black "Nikolaidis, Ioannis"]
[Result "0-1"]
[WhiteElo "2123"]
[BlackElo "2561"]
[PlyCount "54"]
[EventDate "2015.10.08"]
[EventType "team-swiss"]
[EventRounds "7"]
[EventCountry "GRE"]
[SourceTitle "CBM 168 Extra"]
[Source "ChessBase"]
[SourceDate "2015.10.29"]
[SourceVersion "1"]
[SourceVersionDate "2015.10.29"]
[SourceQuality "1"]
[WhiteTeam "Chania ADA"]
[BlackTeam "Peristeriou"]
[WhiteTeamCountry "GRE"]
[BlackTeamCountry "GRE"]

1. c4 e6 2. Nc3 d5 3. d4 Nf6 4. Nf3 Be7 5. Bf4 0-0 6. e3 Nbd7 7. c5 Ne4 8. Nxe4 dxe4 9. Nd2 e5 10. Bxe5 Nxe5 11. dxe5 Qd5 12. Qc2 Bf5 13. Rc1 Qxe5 14. Be2 Qe6 15. a3 Rad8 16. 0-0 Bxc5 17. Qxc5 Rxd2 18. Bc4 Qg6 19. Qxc7 Rxb2 20. Bd5 Be6 21. Bxb7 Bh3 22. Bxe4 Qxe4 23. gxh3 Rb6 24. f3 Qxe3+ 25. Kh1 Rb2 26. Qg3 Qxa3 27. Rc7 a5 0-1

[Event "GRE-chT 42nd"]
[Site "Porto Rio"]
[Date "2014.07.02"]
[Round "6.3"]
[White "Tsarouhas, Konstantinos"]
[Black "Kapnisis, Spyridon"]
[Result "0-1"]
[WhiteElo "2120"]
[BlackElo "2459"]
[PlyCount "128"]
[EventDate "2014.06.28"]
[EventType "team-swiss"]
[EventRounds "7"]
[EventCountry "GRE"]
[SourceTitle "CBM 161 Extra"]
[Source "ChessBase"]
[SourceDate "2014.08.29"]
[SourceVersion "1"]
[SourceVersionDate "2014.08.29"]
[SourceQuality "1"]
[WhiteTeam "Chania ADA"]
[BlackTeam "Nice Fysiolatris"]
[WhiteTeamCountry "GRE"]
[BlackTeamCountry "GRE"]

1. c4 e5 2. Nc3 Nc6 3. g3 Bc5 4. Bg2 d6 5. a3 a6 6. e3 Ba7 7. Nge2 Nge7 8. b4 0-0 9. 0-0 Be6 10. Nd5 Rb8 11. Bb2 b5 12. d3 Qd7 13. Rc1 Nd8 14. d4 f6 15. Qd2 bxc4 16. Nxe7+ Qxe7 17. d5 Bd7 18. Rxc4 Bb6 19. Rfc1 Bb5 20. R4c2 Ba4 21. Rc4 Bb5 22. R4c2 f5 23. Kh1 Ba4 24. Rc4 Bb5 25. R4c2 Nf7 26. Nc3 Bd7 27. a4 a5 28. Nb5 axb4 29. Qxb4 f4 30. exf4 exf4 31. gxf4 Nh6 32. Rg1 Rf7 33. Bf3 Nf5 34. Rg5 Bc5 35. Qe4 Bxb5 36. axb5 Qxe4 37. Bxe4 Ne7 38. Bd3 h6 39. Rg4 Kf8 40. Re2 Re8 41. Kg2 Nf5 42. Re6 Ra8 43. Bxf5 Rxf5 44. Bxg7+ Kf7 45. Bxh6 Rxd5 46. Rgg6 Bd4 47. Bg5 Rxb5 48. h4 Rb2 49. h5 Rxf2+ 50. Kg3 Ra3+ 51. Kg4 Rg2+ 52. Kf5 Ra5+ 53. Ke4 Re2+ 54. Kxd4 Rxe6 55. Rxe6 Kxe6 56. h6 Ra4+ 57. Ke3 Kf5 58. Bd8 c5 59. Bc7 d5 60. Bd6 Ra3+ 61. Kd2 Rh3 62. Bxc5 Kxf4 63. Bd4 Ke4 64. Bg7 d4 0-1

[Event "GRE-chT 42nd"]
[Site "Porto Rio"]
[Date "2014.06.29"]
[Round "2.4"]
[White "Tsarouhas, Konstantinos"]
[Black "Zenelis, Konstantinos"]
[Result "1-0"]
[WhiteElo "2120"]
[BlackElo "2107"]
[PlyCount "79"]
[EventDate "2014.06.28"]
[EventType "team-swiss"]
[EventRounds "7"]
[EventCountry "GRE"]
[SourceTitle "CBM 161 Extra"]
[Source "ChessBase"]
[SourceDate "2014.08.29"]
[SourceVersion "1"]
[SourceVersionDate "2014.08.29"]
[SourceQuality "1"]
[WhiteTeam "Chania ADA"]
[BlackTeam "Papagou DP"]
[WhiteTeamCountry "GRE"]
[BlackTeamCountry "GRE"]

1. c4 e5 2. Nc3 Nc6 3. e3 d6 4. d3 g6 5. Nf3 Bg7 6. Be2 f5 7. 0-0 Nf6 8. Rb1 a5 9. a3 0-0 10. b4 axb4 11. axb4 h6 12. b5 Ne7 13. c5 Be6 14. Qc2 Nfd5 15. Nxd5 Nxd5 16. Bd2 g5 17. Rfc1 Qe7 18. Bf1 Rac8 19. Be1 g4 20. Nd2 f4 21. e4 Nf6 22. Nc4 Bxc4 23. Qxc4+ Qf7 24. cxd6 Qxc4 25. Rxc4 cxd6 26. Rbc1 Rxc4 27. Rxc4 Rd8 28. Rc7 Rd7 29. Rc8+ Kf7 30. f3 h5 31. Bh4 Ne8 32. b6 Bf6 33. Bf2 Rd8 34. Rc1 Ra8 35. fxg4 hxg4 36. Be2 Ra3 37. Bxg4 Rb3 38. h3 Ke7 39. Rc7+ Kd8 40. Rd7+ 1-0

[Event "GRE-chT 41st"]
[Site "Achaia"]
[Date "2013.07.04"]
[Round "4.3"]
[White "Tsarouhas, Konstantinos"]
[Black "Panagiotakos, Nikolaos"]
[Result "0-1"]
[WhiteElo "2180"]
[BlackElo "2191"]
[PlyCount "74"]
[EventDate "2013.07.02"]
[EventType "team-swiss"]
[EventRounds "7"]
[EventCountry "GRE"]
[SourceTitle "CBM 155 Extra"]
[Source "ChessBase"]
[SourceDate "2013.08.26"]
[SourceVersion "1"]
[SourceVersionDate "2013.08.26"]
[SourceQuality "1"]
[WhiteTeam "Chania ADA"]
[BlackTeam "OFI"]
[WhiteTeamCountry "GRE"]
[BlackTeamCountry "GRE"]

1. c4 e5 2. Nc3 Nc6 3. g3 g6 4. Bg2 Bg7 5. d3 d6 6. Rb1 a5 7. a3 f5 8. e3 Nf6 9. Nge2 0-0 10. 0-0 Ne7 11. f4 c6 12. h3 Be6 13. b4 axb4 14. axb4 e4 15. Bb2 Qb6 16. Nd4 Bf7 17. c5 dxc5 18. bxc5 Qxc5 19. dxe4 fxe4 20. Nxe4 Nxe4 21. Bxe4 Nd5 22. Qf3 Ra2 23. Rfc1 Qe7 24. Re1 Re8 25. Bd3 Rxb2 26. Rxb2 Bxd4 27. Rbe2 Nxe3 28. Kh2 Bd5 29. Qf2 Qc5 30. f5 Ng4+ 31. hxg4 Bxf2 32. Rxe8+ Kf7 33. fxg6+ hxg6 34. R1e7+ Qxe7 35. Bxg6+ Ke6 36. Bf5+ Kd6 37. Rxe7 Kxe7 0-1

[Event "GRE-chT 41st"]
[Site "Achaia"]
[Date "2013.07.03"]
[Round "3.3"]
[White "Efstathiou, Damianos"]
[Black "Tsarouhas, Konstantinos"]
[Result "1-0"]
[WhiteElo "2097"]
[BlackElo "2180"]
[PlyCount "109"]
[EventDate "2013.07.02"]
[EventType "team-swiss"]
[EventRounds "7"]
[EventCountry "GRE"]
[SourceTitle "CBM 155 Extra"]
[Source "ChessBase"]
[SourceDate "2013.08.26"]
[SourceVersion "1"]
[SourceVersionDate "2013.08.26"]
[SourceQuality "1"]
[WhiteTeam "Peiraikos PG"]
[BlackTeam "Chania ADA"]
[WhiteTeamCountry "GRE"]
[BlackTeamCountry "GRE"]

1. d4 d5 2. c4 c6 3. cxd5 cxd5 4. Nc3 Nf6 5. Nf3 a6 6. Bg5 Ne4 7. Bh4 Nc6 8. e3 Qa5 9. Qb3 e6 10. Rc1 Bd7 11. Bd3 Nxc3 12. bxc3 Ba3 13. Rc2 Rc8 14. 0-0 b5 15. e4 dxe4 16. Bxe4 0-0 17. d5 exd5 18. Qxd5 Bg4 19. Ng5 g6 20. h3 Ne7 21. Qb3 Bf5 22. g4 Bxe4 23. Nxe4 Rc4 24. Nf6+ Kg7 25. Nd7 Rfc8 26. Bf6+ Kg8 27. Bd4 Nd5 28. Ne5 Nf4 29. Nxc4 Rxc4 30. Re1 Rxd4 31. Re8+ Bf8 32. cxd4 Kg7 33. Qe3 Bd6 34. Re5 Qb4 35. Qxf4 f6 36. Qe3 fxe5 37. dxe5 Be7 38. Rc7 Kf8 39. e6 Kg8 40. Kg2 Qd6 41. Rd7 Qc6+ 42. f3 Qc2+ 43. Rd2 Qc4 44. Qe4 Qxe4 45. fxe4 Kf8 46. e5 h5 47. Kf3 hxg4+ 48. hxg4 b4 49. Rd7 a5 50. Ra7 Bd8 51. Ke4 Bb6 52. Rb7 Bc5 53. Kd5 Be7 54. Kc6 a4 55. Kd7 1-0

[Event "GRE-chT 39th"]
[Site "Eretria"]
[Date "2011.07.08"]
[Round "7.9"]
[White "Tsarouhas, Konstantinos"]
[Black "Gogolis, Alexandros"]
[Result "1/2-1/2"]
[WhiteElo "2207"]
[BlackElo "2261"]
[PlyCount "85"]
[EventDate "2011.07.03"]
[EventType "team-swiss"]
[EventRounds "7"]
[EventCountry "GRE"]
[SourceTitle "CBM 143 Extra"]
[Source "ChessBase"]
[SourceDate "2011.08.29"]
[SourceVersion "1"]
[SourceVersionDate "2011.08.29"]
[SourceQuality "1"]
[WhiteTeam "Chania Chess Academy"]
[BlackTeam "Ilioupolis"]
[WhiteTeamCountry "GRE"]
[BlackTeamCountry "GRE"]

1. d4 Nf6 2. Nf3 d5 3. c4 c6 4. Nc3 a6 5. g3 Bf5 6. Bg2 e6 7. 0-0 Nbd7 8. cxd5 cxd5 9. Qb3 Qb6 10. Bd2 Be7 11. Rfc1 0-0 12. Na4 Qxb3 13. axb3 Rfc8 14. b4 b6 15. Be1 Be4 16. Ne5 Bxg2 17. Nxd7 Nxd7 18. Kxg2 Kf8 19. e3 Ke8 20. Kf1 Kd8 21. Ke2 Rxc1 22. Rxc1 Rc8 23. Rxc8+ Kxc8 24. b3 Kc7 25. Nb2 Kc6 26. Nd1 h5 27. f3 Nb8 28. h3 Kd7 29. Nb2 Nc6 30. Nd3 Bd6 31. g4 hxg4 32. hxg4 g6 33. Bc3 f5 34. gxf5 gxf5 35. Kf2 Ke7 36. Ke2 Kf6 37. f4 Kg6 38. Kf3 Kh5 39. Be1 Be7 40. Kg2 Kg4 41. Nf2+ Kh5 42. Nd3 Bd6 43. Kh3 1/2-1/2